Estatísticas para Minecraft por Letra - A

Clique aqui para jogar o quiz

Estatísticas Gerais

  • Esse quiz foi jogado 55 vezes
  • A pontuação média é 9 de 15

Estatísticas das Respostas

DescriçãoDuas Primeiras LetrasResposta% Correto
Animal da colméiaABAbelha
100%
Planta aquática comestívelALAlga
91%
Precisamos deles para fazer trocas com esmeraldasALAldeão (Villager)
89%
Bloco comum do desertoARAreia
89%
Comida na qual se come em uma sopa, na qual quanto plantada, nasce em formato de bloco
ABAbóbora
84%
Podemos substituí-lo com um botãoALAlavanca
84%
Minério do geodoAMAmetista
76%
Madeira obtida no bioma de savanaACAcácia
69%
Criatura pacífica aquática que pode ajudar o jogadorAXAxolote
60%
Barreira 1x1 abrívelALAlçapão
58%
Blocos de mosaicos coloridosAZAzulejo
40%
Animal azul voador que traz itens jogadosALAllay
36%
Tem a sua versão árvore e arbustoAZAzaleia
27%
Conquista obtida após ter todos os efeitos aplicados ao mesmo tempoAQA Que Ponto Chegamos?
22%
Atualização de ________ (1.8)AVAtualização de Aventura
16%

Distribuição das Pontuações

Percentil de Números Respondidos

Porcentagem de Pessoas com Cada Pontuação

Sua Pontuação Histórica

Você não jogou esse quiz